000 00825nas a2200277 4500
001 BR2018001839
003 BR-BrBNA
005 20231205131406.0
007 ta
008 230509b bl.|||p| |||| 00| 00por d
040 _aBR-BrBNA
_bpor
_cBiblioteca Nacional de Agricultura
041 _a(En)
072 _aH01
100 1 _aMaciel, C.F.S.
100 1 _aTeixeira, M.M.
100 1 _aFernandes, H.C.
100 1 _aZolnier, S.
100 1 _aCecon, P.R.
245 1 _aDropled spectrum of a spray nozzle under different weather conditions
650 _aPULVERIZAÇÃO
650 _aEVAPORAÇÃO
650 _aAGROTOXICO
773 0 _tRevista Ciência Agronômica (Brazil)
_xISSN 0045-6888
_g(Jul-Sep 2018), v. 49(3) p. 430-436
_wBR2018001839
909 _a202311
_bLúcia
_c55
_dLúcia Elande
942 _2AGRIS
_n0
_cANA
999 _c254555
_d254555